| 000 | 00544nam a2200181Ia 4500 | ||
|---|---|---|---|
| 003 | IN-BaIIA | ||
| 008 | 211028s9999 xx 000 0 eng d | ||
| 040 | _cIIA Library | ||
| 080 |
_a519.2 _bYUL |
||
| 100 |
_aYule, G Udny _91601 |
||
| 245 | 3 |
_aAn introduction to the theory of statistics _cG. Udny Yule and M. G. Kendall |
|
| 250 | _a13th ed. | ||
| 260 |
_aLondon _bCharles Griffin _c1945 |
||
| 300 | _axiii, 570p. | ||
| 650 |
_aStatistics _91602 |
||
| 700 |
_aKendall, M. G. _91603 |
||
| 942 | _cBK | ||
| 999 |
_c746 _d746 |
||